Don't be a village idiot (Record no. 79623)

MARC details
000 -LEADER
fixed length control field 01181cab a22002415a 4500
001 - CONTROL NUMBER
control field L141847
008 - FIXED-LENGTH DATA ELEMENTS--GENERAL INFORMATION
fixed length control field 080103s2007 xxk f 000 0 eng d
035 ## - SYSTEM CONTROL NUMBER
System control number (Sirsi) u141847
041 0# - LANGUAGE CODE
Language code of text/sound track or separate title eng
100 1# - MAIN ENTRY--PERSONAL NAME
Personal name Giacon, Francis
245 00 - TITLE STATEMENT
Title Don't be a village idiot
Remainder of title beware of village green applications!
260 ## - PUBLICATION, DISTRIBUTION, ETC.
Date of publication, distribution, etc. 2007
490 ## - SERIES STATEMENT
Series statement Lovells Real Estate Quarterly
Volume/sequential designation December 2007, 9-11(3)
520 ## - SUMMARY, ETC.
Summary, etc. Examines the possibility of land being lost to developers if local residents apply for it to be registered as a village green. Considers how land can satisfy the conditions of section 15 of the Commons Act 2006. The condition requires that there should have been 20 years continuous use for lawful activities as of right by a significant number of the public. Examines how these factors can be measured. Case law.
590 ## - LOCAL NOTE (RLIN)
Local note KA
650 24 - SUBJECT ADDED ENTRY--TOPICAL TERM
Topical term or geographic name entry element COMMONS ACT 2006 S15
650 24 - SUBJECT ADDED ENTRY--TOPICAL TERM
Topical term or geographic name entry element R (ON THE APPLICATION OF MCALPINE HOMES LTD) V STAFFORDSHIRE CC
650 24 - SUBJECT ADDED ENTRY--TOPICAL TERM
Topical term or geographic name entry element MCCLAREN V KUBIAK
650 24 - SUBJECT ADDED ENTRY--TOPICAL TERM
Topical term or geographic name entry element OXFORD CC V OXFORD CC AND ROBINSON
651 #4 - SUBJECT ADDED ENTRY--GEOGRAPHIC NAME
Geographic name United Kingdom
Chronological subdivision
690 ## - LOCAL SUBJECT ADDED ENTRY--TOPICAL TERM (OCLC, RLIN)
Topical term or geographic name as entry element ENVIRONMENTAL AND LAND CONSULTANCY-PLANNING AND DEVELOPMENT-DEVELOPMENT CONTROL
942 ## - ADDED ENTRY ELEMENTS (KOHA)
Suppress in OPAC 0
Holdings
Withdrawn status Lost status Source of classification or shelving scheme Damaged status Not for loan Home library Current library Shelving location Date acquired Total Checkouts Full call number Barcode Date last seen Copy number Price effective from Koha item type
    Dewey Decimal Classification     London London Journal article 03/01/2008   L141847 141847-1001 06/08/2019 1 06/08/2019 Journal article